000 00392cam a22001217a 4500
008 180718b1917 xxu||||| |||| 00| 0 eng d
082 _aD49x4 M275
100 _aMagnus, Leonard A.
245 _aPros and cons in the great war: a record of foreign opinion with a register of facts
_cby Leonard A. Magnus
260 _aLondon
_bKegan Paul
_c1917
300 _a396p.
650 _aWorld War, 1914-18
999 _c372571
_d372571